Quo vadis svetová ekonomika (v etape finančnej krízy)?

Gespeichert in:
Bibliographische Detailangaben
1. Verfasser: Baláž, Peter
Format: Buchkapitel
Sprache:Slowakisch
Tags: Tag hinzufügen
Keine Tags, Fügen Sie das erste Tag hinzu!

MARC

LEADER 00000naa$a2200000$$$4500
001 0117113
005 20240502083305.6
041 0 |a slo 
044 |a CZ 
245 1 0 |a Quo vadis svetová ekonomika (v etape finančnej krízy)?  |c Peter Baláž 
100 1 |a Baláž, Peter